[Event "4th Polonia Wroclaw Open A"]
[Site "Wroclaw POL"]
[Date "2009.06.22"]
[Round "3"]
[White "Bebel,A"]
[Black "Piorun,K"]
[Result "1/2-1/2"]
[WhiteElo "2252"]
[BlackElo "2476"]
[EventDate "2009.06.20"]

1. e4 c6 2. d4 d5 3. exd5 cxd5 4. c4 Nf6 5. Nc3 Nc6 6. Nf3 Be6 7. c5 a6 8.
Bf4 g6 9. h3 Bg7 10. Be2 O-O 11. O-O Nd7 12. Re1 b6 13. cxb6 Qxb6 14. Na4
Qa7 15. Be3 Rfc8 16. Rc1 Qb7 17. Qd2 Bf5 18. a3 Na7 19. Rxc8+ Rxc8 20. Rc1
Nb5 21. Qb4 Rxc1+ 22. Bxc1 Qc6 23. Be3 e6 24. Qa5 Bf6 25. Nc3 Nxc3 26. bxc3
Be7 27. Bxa6 Nb6 28. Ne5 Qc7 29. Bb5 Qb7 30. a4 Bc2 31. Bf4 Ba3 32. Bg3 Kg7
33. Ba6 Qa7 34. Nc6 Nc4 35. Bxc4 Qxa5 36. Nxa5 dxc4 37. Nxc4 Be7 38. a5 Bd3
39. Nb6 Bd8 40. c4 Kf8 41. Nd7+ Ke8 42. Ne5 Be4 43. a6 f6 44. Ng4 h5 45.
Ne3 Kd7 46. d5 Bb6 47. Bb8 Bxe3 48. fxe3 exd5 49. c5 d4 50. exd4 Ke6 51. a7
Bc6 52. Kf2 Kf5 53. Ke3 Bxg2 1/2-1/2

[Event "4th Polonia Wroclaw Open A"]
[Site "Wroclaw POL"]
[Date "2009.06.22"]
[Round "3"]
[White "Biolek,R2"]
[Black "Gumula,D"]
[Result "1-0"]
[WhiteElo "2424"]
[BlackElo "2330"]
[EventDate "2009.06.20"]

1. e4 c5 2. d3 Nc6 3. f4 e6 4. Nf3 d5 5. Nbd2 Nf6 6. c3 Be7 7. e5 Ng4 8.
Nb3 h5 9. Be2 b6 10. O-O Bb7 11. Ne1 g6 12. Bxg4 hxg4 13. Qxg4 d4 14. Qe2
dxc3 15. bxc3 Qd5 16. Be3 O-O-O 17. Nd2 Ba6 18. c4 Qd7 19. Ne4 Nd4 20. Qb2
Qc6 21. Bxd4 Rxd4 22. Nc3 g5 23. a4 Bd8 24. fxg5 Bxg5 25. Qe2 Bf4 26. Nf3
Qd7 27. a5 Bb7 28. axb6 a6 29. g3 Rxd3 30. Nd5 exd5 31. Qxd3 d4 32. gxf4
Qg4+ 33. Kf2 Rh3 34. Ra3 Qxf4 35. Ke2 Bxf3+ 36. Rxf3 Rxh2+ 37. Kd1 Rh1+ 38.
Kc2 Qc1+ 39. Kb3 Rh2 40. Ra2 1-0

[Event "4th Polonia Wroclaw Open A"]
[Site "Wroclaw POL"]
[Date "2009.06.22"]
[Round "3"]
[White "Colin,V"]
[Black "Drozdowski,K"]
[Result "1-0"]
[WhiteElo "2415"]
[BlackElo "2073"]
[EventDate "2009.06.20"]

1. d4 d5 2. c4 c6 3. Nf3 Nf6 4. e3 Bf5 5. Nc3 e6 6. Nh4 Bg6 7. Nxg6 hxg6 8.
a3 Nbd7 9. c5 e5 10. b4 Be7 11. Be2 Qc7 12. g3 Nh7 13. Bb2 O-O 14. O-O e4
15. f4 exf3 16. Bxf3 f5 17. Bxd5+ cxd5 18. Nxd5 Qd8 19. Qb3 Rf7 20. e4 Ndf6
21. Nxf6+ Nxf6 22. exf5 Qd5 23. Qxd5 Nxd5 24. fxg6 Rxf1+ 25. Rxf1 Bf6 26.
Re1 Kf8 27. h4 Rd8 28. h5 Ne7 29. Re4 Nf5 30. g4 Ne7 31. Kf2 Rd5 32. Ke3 a6
33. Kd3 Rd7 34. a4 Nc6 35. Kc4 Ne7 36. b5 axb5+ 37. axb5 Rd8 38. Bc1 Bh4
39. Bf4 Nc8 40. d5 b6 41. d6 bxc5 42. Kxc5 Bf2+ 43. Kd5 Nb6+ 44. Kc6 Rc8+
45. Kb7 Rd8 46. Bg5 Rd7+ 47. Kc6 Bg1 48. h6 Bh2 49. h7 1-0

[Event "4th Polonia Wroclaw Open A"]
[Site "Wroclaw POL"]
[Date "2009.06.22"]
[Round "3"]
[White "Orzechowski,J"]
[Black "Rajlich,I"]
[Result "1/2-1/2"]
[WhiteElo "2268"]
[BlackElo "2424"]
[EventDate "2009.06.20"]

1. Nf3 Nf6 2. c4 g6 3. g3 Bg7 4. Bg2 d5 5. cxd5 Nxd5 6. O-O O-O 7. Nc3 c5
8. Nxd5 Qxd5 9. d3 Nc6 10. Be3 Qd6 11. Rc1 Bd4 12. Nxd4 cxd4 13. Bf4 Qb4
14. Qc2 Be6 15. a3 Qb5 16. Qc5 Qxb2 17. Rb1 Qc3 18. Rfc1 Qxc5 19. Rxc5 Bc8
20. Rxc6 bxc6 21. Bxc6 Ba6 22. Bxa8 Rxa8 23. Rb8+ Rxb8 24. Bxb8 f6 25. Bxa7
e5 26. f4 Kf7 27. Kf2 Ke6 28. fxe5 fxe5 29. a4 h5 30. a5 Kd5 31. Kf3 Bc8
32. Bb8 1/2-1/2

[Event "4th Polonia Wroclaw Open A"]
[Site "Wroclaw POL"]
[Date "2009.06.22"]
[Round "4"]
[White "Postny,E"]
[Black "Aleksandrov,A"]
[Result "1/2-1/2"]
[WhiteElo "2648"]
[BlackElo "2624"]
[EventDate "2009.06.20"]

1. d4 Nf6 2. c4 e6 3. g3 d5 4. Nf3 dxc4 5. Bg2 Nc6 6. O-O Rb8 7. Nc3 b5 8.
Ne5 Nxe5 9. dxe5 Nd7 10. Qd4 b4 11. Ne4 Nb6 12. Qxd8+ Kxd8 13. Be3 Bb7 14.
Rac1 Be7 15. Nd2 Bd5 16. Rfd1 Kc8 17. Bxb6 axb6 18. Nxc4 Bxg2 19. Kxg2 Rd8
20. Rxd8+ Kxd8 21. b3 Ra8 22. Rc2 b5 23. Nd2 c5 24. Kf3 Kc7 25. e3 Kc6 26.
Ke2 h5 27. f4 Kb6 28. Kd3 f6 29. exf6 gxf6 30. e4 f5 31. Ke3 Ra3 32. Nb1
Ra7 33. Nd2 Ra3 34. Nb1 Ra6 35. Nd2 Ra3 1/2-1/2

[Event "4th Polonia Wroclaw Open A"]
[Site "Wroclaw POL"]
[Date "2009.06.22"]
[Round "4"]
[White "Swiercz,D"]
[Black "Fridman,D2"]
[Result "0-1"]
[WhiteElo "2492"]
[BlackElo "2646"]
[EventDate "2009.06.20"]

1. e4 e5 2. Nf3 Nf6 3. d4 Nxe4 4. Bd3 d5 5. Nxe5 Nd7 6. O-O Nxe5 7. dxe5
Nc5 8. Nc3 Nxd3 9. cxd3 c6 10. Qf3 Qh4 11. Qf4 Qh5 12. Qg3 Qg6 13. Bf4 Be7
14. d4 Be6 15. Rac1 Qxg3 16. Bxg3 b6 17. Bf4 Kd7 18. Rfd1 h5 19. Be3 g5 20.
f3 Rhg8 21. Rf1 f6 22. f4 gxf4 23. Bxf4 Rg4 24. Rc2 Rag8 25. h3 Rxf4 26.
Rxf4 fxe5 27. dxe5 Bxh3 28. Kh2 Bg4 29. Rf1 Rg5 30. Ne2 Rxe5 31. Nd4 c5 32.
Nf3 Re3 33. Rd2 d4 34. Kg1 Ke6 35. b3 Bf6 36. Kf2 Kd5 37. Rfd1 a5 38. Rc2
Ke4 39. Re2 Rxe2+ 40. Kxe2 b5 41. Rc1 Kd5 42. Kf2 a4 43. bxa4 bxa4 44. Rb1
c4 45. Rb5+ Ke4 46. Rb4 Bxf3 47. Rxc4 Bd1 48. Ke1 Bg4 49. Rxa4 Ke3 50. Ra8
Bh4+ 51. Kf1 Be2+ 52. Kg1 d3 53. Re8+ Kd4 0-1

[Event "4th Polonia Wroclaw Open A"]
[Site "Wroclaw POL"]
[Date "2009.06.22"]
[Round "4"]
[White "Muzychuk,A"]
[Black "Malakhatko,V"]
[Result "0-1"]
[WhiteElo "2533"]
[BlackElo "2610"]
[EventDate "2009.06.20"]

1. e4 c6 2. d4 d5 3. e5 Bf5 4. Nc3 a6 5. Be3 e6 6. g4 Bg6 7. Nge2 c5 8.
dxc5 Nd7 9. f4 Bxc5 10. Bxc5 Nxc5 11. Qd4 Qh4+ 12. Ng3 Rc8 13. O-O-O Qxg4
14. Qf2 Qh4 15. Kb1 Nh6 16. Bd3 Nxd3 17. cxd3 O-O 18. Nce2 Rc7 19. Nd4 Rfc8
20. a3 Nf5 21. Ndxf5 Bxf5 22. Qd2 Bg6 23. Rc1 h5 24. Rxc7 Rxc7 25. Rd1 Qh3
26. Ka1 h4 27. Nf1 Qf3 28. Ka2 Rc8 0-1

[Event "4th Polonia Wroclaw Open A"]
[Site "Wroclaw POL"]
[Date "2009.06.22"]
[Round "4"]
[White "Balogh,C"]
[Black "Grabarczyk,M"]
[Result "1/2-1/2"]
[WhiteElo "2609"]
[BlackElo "2469"]
[EventDate "2009.06.20"]

1. e4 e5 2. Nf3 Nf6 3. d4 Nxe4 4. Bd3 d5 5. dxe5 Nc5 6. Be2 Be7 7. O-O O-O
8. Be3 Nc6 9. Nc3 Be6 10. Qe1 Ne4 11. Nb5 Qd7 12. Nbd4 Bg4 13. Nxc6 bxc6
14. Nd4 Bxe2 15. Nxe2 f6 16. f3 Ng5 17. Qd2 Ne6 18. exf6 Bxf6 19. Nd4 Nxd4
20. Bxd4 Bxd4+ 21. Qxd4 Qd6 22. Rfe1 a5 23. Rad1 Rfe8 24. b3 Qb4 25. c3 Qa3
26. Qd2 Qc5+ 27. Qd4 Qa3 28. Qd2 Qc5+ 29. Qd4 Qa3 1/2-1/2

[Event "4th Polonia Wroclaw Open A"]
[Site "Wroclaw POL"]
[Date "2009.06.22"]
[Round "4"]
[White "Tomczak,J"]
[Black "Bartel,Mat"]
[Result "1/2-1/2"]
[WhiteElo "2447"]
[BlackElo "2601"]
[EventDate "2009.06.20"]

1. e4 e5 2. Nf3 Nc6 3. d4 exd4 4. Nxd4 Bc5 5. Nxc6 Qf6 6. Qf3 Qxf3 7. gxf3
bxc6 8. Be3 Bxe3 9. fxe3 Ne7 10. Nc3 d6 11. O-O-O g5 12. Rg1 h6 13. f4 Ng6
14. e5 dxe5 15. Bg2 Bd7 16. Ne4 Ke7 17. Nc5 Rad8 18. Be4 f5 19. Rxd7+ Rxd7
20. Bxf5 Rd6 21. Ne4 Nh4 22. Nxd6 cxd6 23. Bd3 Rg8 24. fxe5 d5 25. Rg4 Ke6
26. Ra4 Nf3 27. Rxa7 Nxh2 28. Rh7 Kxe5 29. Rxh6 Nf3 30. Kd1 g4 31. Rh5+ Kd6
32. Rh6+ Kc7 33. Bf1 Re8 34. Be2 Rxe3 35. Bxf3 Rxf3 36. Rg6 Rf4 37. Ke2 Kb6
38. Ke3 Re4+ 39. Kd3 Rf4 1/2-1/2

[Event "4th Polonia Wroclaw Open A"]
[Site "Wroclaw POL"]
[Date "2009.06.22"]
[Round "4"]
[White "Macieja,B"]
[Black "Biolek,R2"]
[Result "0-1"]
[WhiteElo "2601"]
[BlackElo "2424"]
[EventDate "2009.06.20"]

1. e4 c5 2. Nf3 e6 3. d4 cxd4 4. Nxd4 Nf6 5. Nc3 Nc6 6. Nxc6 bxc6 7. e5 Nd5
8. Ne4 Qc7 9. f4 Qb6 10. c4 Ne3 11. Qd3 Bb4+ 12. Bd2 Ba6 13. Rc1 Bxc4 14.
Rxc4 Nxc4 15. Qxc4 Bxd2+ 16. Kxd2 Qxb2+ 17. Ke3 O-O 18. Be2 Rab8 19. Rc1 f6
20. Rc2 Qb6+ 21. Nc5 fxe5 22. fxe5 Rf5 23. Qd4 Qb1 24. Kd2 Rbf8 25. Nxd7
Rf2 26. Rb2 Qg1 27. Kd3 Re8 28. Nc5 Qxg2 29. Ne4 Qh3+ 30. Kc4 Rxh2 31. Qd7
Rf8 32. Rb7 Qh6 33. Nc3 Rhf2 34. Kb3 R2f7 35. Qxc6 Rxb7+ 36. Qxb7 Qe3 37.
Qc7 Qb6+ 38. Qxb6 axb6 39. Na4 Rf5 40. Nxb6 Rxe5 41. Bf1 h5 42. Nc4 Re1 43.
Bg2 g5 44. a4 Rb1+ 45. Kc3 g4 46. a5 h4 47. Bc6 g3 48. Kc2 Ra1 49. Bg2 Ra2+
50. Nb2 Rxa5 51. Bh3 Kf7 52. Kd3 Ra2 53. Nc4 g2 54. Ne5+ Kg7 0-1

[Event "4th Polonia Wroclaw Open A"]
[Site "Wroclaw POL"]
[Date "2009.06.22"]
[Round "4"]
[White "Baklan,V"]
[Black "Colin,V"]
[Result "1-0"]
[WhiteElo "2618"]
[BlackElo "2415"]
[EventDate "2009.06.20"]

1. e4 e5 2. Nf3 Nc6 3. Bb5 a6 4. Ba4 Nf6 5. Qe2 b5 6. Bb3 Be7 7. c3 O-O 8.
O-O Bb7 9. d4 d6 10. Rd1 exd4 11. cxd4 d5 12. e5 Ne4 13. Nc3 Nxc3 14. bxc3
Qd7 15. Bc2 Nd8 16. Ng5 Bxg5 17. Bxg5 Ne6 18. Qg4 f6 19. exf6 Qf7 20. Bh4
g6 21. f4 Kh8 22. Re1 Rae8 23. f5 gxf5 24. Bxf5 Bc8 25. Re5 Rg8 26. Qf3 b4
27. Rae1 bxc3 28. Bxe6 Bxe6 29. Rxe6 Rxe6 30. Rxe6 c2 31. Rc6 Qg6 32. f7
1-0

[Event "4th Polonia Wroclaw Open A"]
[Site "Wroclaw POL"]
[Date "2009.06.22"]
[Round "4"]
[White "Yemelin,V"]
[Black "Nemcova,Kat"]
[Result "1/2-1/2"]
[WhiteElo "2582"]
[BlackElo "2294"]
[EventDate "2009.06.20"]

1. e4 e5 2. Nf3 Nc6 3. Bc4 Nf6 4. d3 Be7 5. O-O O-O 6. Re1 d6 7. a4 h6 8.
a5 a6 9. h3 Nh7 10. Nc3 Kh8 11. d4 Ng5 12. Bxg5 Bxg5 13. dxe5 Nxe5 14. Nxe5
dxe5 15. Qxd8 Bxd8 16. Nd5 Be6 17. Red1 Bg5 18. Be2 Rac8 19. Bg4 Rfe8 20.
g3 Kg8 21. Bxe6 Rxe6 22. Ra3 Rd6 23. h4 Bd8 24. c4 Kf8 25. c5 Rd7 26. b4
Be7 27. Rad3 Rcd8 28. Kf1 c6 29. Nf4 Rxd3 30. Nxd3 Rd4 31. f3 g5 32. hxg5
hxg5 33. g4 1/2-1/2

[Event "4th Polonia Wroclaw Open A"]
[Site "Wroclaw POL"]
[Date "2009.06.22"]
[Round "4"]
[White "Piorun,K"]
[Black "Bures,J"]
[Result "1-0"]
[WhiteElo "2476"]
[BlackElo "2263"]
[EventDate "2009.06.20"]

1. e4 c6 2. Nf3 d5 3. exd5 cxd5 4. Ne5 Nc6 5. d4 e6 6. Bb5 Bd7 7. Nxd7 Qxd7
8. O-O Nf6 9. c3 Be7 10. Bf4 Bd6 11. Be5 a6 12. Bxf6 gxf6 13. Bd3 e5 14.
Qh5 e4 15. Be2 Rg8 16. f4 exf3 17. Bxf3 O-O-O 18. Nd2 Rg5 19. Qxh7 Kb8 20.
Rfe1 Qc8 21. Nf1 Ka7 22. Kf2 Rdg8 23. Qd3 Nd8 24. h4 R5g7 25. Ne3 Bg3+ 26.
Kf1 Ne6 27. Nxd5 Qb8 28. Ne7 Bxh4 29. Rxe6 fxe6 30. Nxg8 Qg3 31. Qe3 Rxg8
32. d5+ b6 33. dxe6 Re8 34. Rd1 Qg7 1-0

[Event "4th Polonia Wroclaw Open A"]
[Site "Wroclaw POL"]
[Date "2009.06.22"]
[Round "4"]
[White "Socko,M"]
[Black "Bebel,A"]
[Result "1/2-1/2"]
[WhiteElo "2456"]
[BlackElo "2252"]
[EventDate "2009.06.20"]

1. e4 c5 2. Nf3 e6 3. d4 cxd4 4. Nxd4 Nf6 5. Nc3 d6 6. Be2 Be7 7. O-O O-O
8. Kh1 Nc6 9. f4 a6 10. Be3 Bd7 11. Qe1 Rc8 12. Rd1 Nxd4 13. Bxd4 Bc6 14.
Qg3 Qc7 15. Bd3 g6 16. f5 e5 17. Be3 b5 18. Bh6 Rfd8 19. Rde1 Qb7 20. Nd5
Bxd5 21. exd5 Kh8 22. Qh3 Rg8 23. fxg6 fxg6 24. Qe6 Nh5 25. Rf7 Rc7 26.
Ref1 Nf4 27. Bxf4 exf4 28. R1xf4 Bg5 29. Bxg6 Re7 30. Rxe7 Qxe7 31. Rf7 Rf8
32. Qxe7 Bxe7 33. Rxh7+ Kg8 34. g4 Bf6 35. c3 Bg7 36. Kg2 b4 37. Bf5 bxc3
38. bxc3 Rb8 39. Rh3 Rb2+ 40. Kf3 Bxc3 41. Ke4 Bd2 42. Ra3 a5 43. h4 Kg7
44. Be6 Bb4 45. Rf3 Re2+ 46. Kf5 Re5+ 47. Kf4 Be1 48. Rh3 Bd2+ 49. Kf3 Re3+
50. Kg2 Re2+ 51. Kf1 Re1+ 52. Kf2 Ra1 53. a3 Ra2 54. Kf1 Bc1 55. Rc3 Ra1
56. Rc7+ Kf6 57. Ke2 Ra2+ 58. Kd1 Bf4 59. g5+ Kg6 60. Bf7+ Kf5 61. g6 Ra1+
62. Kc2 Rc1+ 63. Kd3 Rxc7 64. g7 Rc3+ 65. Kxc3 Be5+ 66. Kc4 Bxg7 67. Kb5
Bc3 68. Kc6 Be5 69. h5 Kg5 70. Kd7 Kh6 1/2-1/2

[Event "4th Polonia Wroclaw Open A"]
[Site "Wroclaw POL"]
[Date "2009.06.22"]
[Round "4"]
[White "Zozulia,A"]
[Black "Urban,K"]
[Result "0-1"]
[WhiteElo "2376"]
[BlackElo "2456"]
[EventDate "2009.06.20"]

1. e4 c6 2. d4 d5 3. exd5 cxd5 4. Bd3 Nc6 5. c3 Qc7 6. h3 e6 7. Nf3 Bd6 8.
O-O Nge7 9. Re1 Bd7 10. Nbd2 Ng6 11. c4 O-O 12. Bf1 Rfd8 13. cxd5 exd5 14.
Nb3 Qb6 15. Be3 Bf5 16. Rc1 Nb4 17. a3 Nc2 18. Rxc2 Qxb3 19. Rd2 Qb6 20.
Bd3 Bxd3 21. Rxd3 Rac8 22. Qb3 Qxb3 23. Rxb3 b6 24. Rc1 Rxc1+ 25. Bxc1 Rc8
26. Be3 f6 27. Kf1 Kf7 28. g3 h5 29. h4 Ke6 30. Ke2 Ne7 31. Kd3 Kf5 32. Bd2
Kg4 33. Ke2 Kf5 34. Be3 Ke6 35. Bd2 Rc7 36. Ne1 Rc4 37. Re3+ Kd7 38. Bc3
Nf5 39. Rd3 Rc8 40. Rf3 Re8+ 41. Kf1 g6 42. Nc2 Re4 43. Rd3 Re8 44. Bd2 Re4
45. Ne3 Nxe3+ 46. Bxe3 Re7 47. Rc3 Ke6 48. Kg2 Rc7 49. Rxc7 Bxc7 50. Kf3
Kf5 51. Bd2 b5 52. Bb4 Bd8 53. Bd6 g5 54. b3 a6 55. a4 bxa4 56. bxa4 Ba5
57. Be7 Bc3 58. Ke3 Ba5 59. Kf3 Bc7 60. Ke3 Bb6 61. Kd3 Ke6 62. Bb4 Bd8 63.
f3 gxh4 64. gxh4 Bc7 65. Be1 Kf5 66. Ke3 Bf4+ 67. Kf2 Bc1 68. Bb4 Bf4 69.
Be7 Bc7 70. Bb4 Bh2 71. Bd2 Bd6 72. Ba5 Bf4 73. Bb4 Bc7 74. Bd2 Bf4 75. Bb4
Bc1 76. Bd6 Bd2 77. Bc5 Bc3 78. Bb6 Ke6 79. Bc5 Kd7 80. Ke2 Ba5 81. Kf2 f5
82. Kg3 Ke6 83. Kf2 Kd7 84. Kg3 Ke6 85. Kf2 f4 86. Kg2 Bc3 87. Bb6 Kd7 88.
Kf2 Bb4 89. Kg2 Be7 90. Kh3 Kc6 91. Ba5 Bf6 92. Bd2 Bxd4 93. Bxf4 Bc3 94.
Kg2 Kc5 95. Bg5 Kd4 96. Kf2 Kd3 97. Bd8 Bd4+ 98. Kg3 Be3 99. f4 Ke4 100. f5
Bf4+ 101. Kf2 Kxf5 102. Kf3 Be5 103. Ba5 Ke6 104. Bb4 Kd7 105. Be1 Kc6 106.
Bf2 Bd6 107. Be3 Bc5 108. Bg5 Bd6 109. Ke3 Be5 110. Kd3 Kd6 111. Kc2 Ke6
112. Kb3 Bf6 113. Be3 Bxh4 114. Kb4 Be1+ 115. Kc5 Ke5 0-1

[Event "4th Polonia Wroclaw Open A"]
[Site "Wroclaw POL"]
[Date "2009.06.22"]
[Round "4"]
[White "Guilleux,F"]
[Black "Zawadzka,J"]
[Result "1/2-1/2"]
[WhiteElo "2313"]
[BlackElo "2390"]
[EventDate "2009.06.20"]

1. d4 Nf6 2. c4 g6 3. Nc3 Bg7 4. e4 d6 5. f3 O-O 6. Bg5 Nbd7 7. Qd2 a6 8.
Nge2 c5 9. d5 Ne5 10. Ng3 b5 11. cxb5 Qa5 12. Be2 axb5 13. Nxb5 h6 14. Qxa5
Rxa5 15. Bd2 Ra8 16. a4 Ne8 17. Bc3 h5 18. f4 Ng4 19. Bxg7 Kxg7 20. Bd3 f5
21. O-O fxe4 22. Bxe4 Nef6 23. Rfe1 Bd7 24. Bf3 Bxb5 25. axb5 Rxa1 26. Rxa1
Rb8 27. Ra5 Ne3 28. Ne4 Nxe4 29. Bxe4 Nc4 30. Ra7 Kf6 31. b3 Nd2 32. Bd3
Nxb3 33. Ra6 Nd4 34. b6 g5 35. g3 gxf4 36. gxf4 Nb3 37. Kf2 c4 38. Bxc4 Nc5
39. Ra5 Rxb6 40. Rb5 Rxb5 41. Bxb5 1/2-1/2

[Event "4th Polonia Wroclaw Open A"]
[Site "Wroclaw POL"]
[Date "2009.06.22"]
[Round "4"]
[White "Kowalczyk,P"]
[Black "Leniart,A"]
[Result "0-1"]
[WhiteElo "2160"]
[BlackElo "2372"]
[EventDate "2009.06.20"]

1. d4 Nf6 2. g3 g6 3. Bg2 Bg7 4. e4 O-O 5. Ne2 d6 6. O-O Nbd7 7. Nbc3 c5 8.
d5 Rb8 9. a4 b6 10. Rb1 a6 11. h3 b5 12. axb5 axb5 13. b4 cxb4 14. Na2 b3
15. cxb3 Qa5 16. Bd2 Qxa2 17. Ra1 Qxa1 18. Qxa1 Nxe4 19. Qd1 Nxd2 20. Qxd2
b4 21. Nd4 Bxd4 22. Qxd4 Nc5 23. Qe3 Rb7 24. Rc1 Rc7 25. Rc4 Rb7 26. Rh4 f6
27. Bf1 Bf5 28. Qe1 Rfb8 29. Bc4 Ra8 30. Bf1 Ra3 31. Rxb4 Rxb4 32. Qxb4
Rxb3 33. Qc4 Rb1 34. Kh2 g5 35. Bg2 Rb2 36. g4 Bg6 37. Qd4 Ra2 38. Kg3 Nd3
39. Be4 Nf4 40. Qc4 Ra3+ 41. Kh2 Rxh3+ 42. Kg1 Rc3 43. Qa4 Rc1+ 44. Kh2 Re1
45. f3 Kf7 46. Qa8 Re2+ 47. Kg1 Rg2+ 48. Kf1 Bxe4 49. fxe4 Rxg4 50. Kf2 Ng6
51. e5 Nxe5 52. Qh8 Rh4 53. Kg3 Ng6 0-1

[Event "4th Polonia Wroclaw Open A"]
[Site "Wroclaw POL"]
[Date "2009.06.22"]
[Round "4"]
[White "Olszewski,Mi"]
[Black "Harestad,H"]
[Result "1-0"]
[WhiteElo "2538"]
[BlackElo "2235"]
[EventDate "2009.06.20"]

1. d4 Nf6 2. c4 g6 3. Nc3 Bg7 4. e4 O-O 5. Bg5 d6 6. h3 c5 7. d5 e6 8. Bd3
exd5 9. cxd5 Re8 10. Nge2 h6 11. Bh4 b6 12. O-O Ba6 13. f4 Bxd3 14. Qxd3
Nbd7 15. Ng3 a6 16. Rae1 b5 17. e5 dxe5 18. Bxf6 Bxf6 19. f5 e4 20. Ncxe4
Bd4+ 21. Kh1 Kg7 22. fxg6 fxg6 23. Nxc5 Bxc5 24. Qc3+ Kg8 25. Re6 Rxe6 26.
dxe6 Nf8 27. Qxc5 Nxe6 28. Qe5 Nf8 29. Ne4 Ra7 30. Nf6+ 1-0

[Event "4th Polonia Wroclaw Open A"]
[Site "Wroclaw POL"]
[Date "2009.06.22"]
[Round "4"]
[White "Rajlich,I"]
[Black "Szczepkowska Horowska,K"]
[Result "1/2-1/2"]
[WhiteElo "2424"]
[BlackElo "2288"]
[EventDate "2009.06.20"]

1. d4 d6 2. Nf3 Nf6 3. Bg5 Nbd7 4. c3 e5 5. e3 Be7 6. Qc2 c6 7. Nbd2 Qc7 8.
dxe5 dxe5 9. O-O-O Nb6 10. c4 Nbd7 11. Bd3 Nc5 12. Bxf6 Bxf6 13. Ne4 Nxe4
14. Bxe4 g6 15. h3 Bd7 16. g4 O-O-O 17. Qc3 Be6 18. Rxd8+ Rxd8 19. g5 Bg7
20. h4 Bg4 21. Nd2 Qe7 22. Rg1 Be6 23. Nf3 Qc5 24. b3 a5 25. Kb1 a4 26. Rc1
axb3 27. axb3 Qa3 28. Ne1 Qd6 29. Kc2 f5 30. gxf6 Bxf6 31. c5 Qc7 32. Ra1
Bxh4 33. Nd3 Kb8 34. Ra4 Bf6 35. f4 Bg7 36. fxe5 Qf7 37. Ra8+ Kxa8 38. Qa5+
Kb8 39. Qxd8+ Ka7 40. Qb6+ Ka8 41. Kc3 Qd7 42. Qb4 Kb8 43. Qa4 Qc7 44. Qd4
Qa5+ 45. Kb2 Qd2+ 46. Ka3 Qa5+ 47. Kb2 Qd2+ 1/2-1/2

[Event "4th Polonia Wroclaw Open A"]
[Site "Wroclaw POL"]
[Date "2009.06.23"]
[Round "5"]
[White "Aleksandrov,A"]
[Black "Malakhatko,V"]
[Result "1/2-1/2"]
[WhiteElo "2624"]
[BlackElo "2610"]
[EventDate "2009.06.20"]

1. d4 d5 2. c4 c6 3. Nc3 Nf6 4. Nf3 dxc4 5. a4 Bf5 6. Ne5 e6 7. f3 Bb4 8.
e4 Bxe4 9. fxe4 Nxe4 10. Qf3 Qxd4 11. Qxf7+ Kd8 12. Bg5+ Nxg5 13. Qxg7
Bxc3+ 14. bxc3 Qxc3+ 15. Ke2 Qc2+ 16. Ke1 Qc3+ 17. Ke2 Qc2+ 18. Ke1 Qc3+
1/2-1/2

[Event "4th Polonia Wroclaw Open A"]
[Site "Wroclaw POL"]
[Date "2009.06.23"]
[Round "5"]
[White "Grabarczyk,M"]
[Black "Postny,E"]
[Result "0-1"]
[WhiteElo "2469"]
[BlackElo "2648"]
[EventDate "2009.06.20"]

1. d4 d5 2. c4 c6 3. Nf3 Nf6 4. Qc2 dxc4 5. Qxc4 Bf5 6. g3 e6 7. Bg2 Be7 8.
O-O Nbd7 9. e3 O-O 10. Qe2 c5 11. Nc3 Ne4 12. Bd2 Bf6 13. Rfd1 Qe7 14. Nxe4
Bxe4 15. Bc3 Rac8 16. Rac1 b6 17. h4 h6 18. a3 Rfd8 19. Kh2 cxd4 20. Bxd4
Rxc1 21. Rxc1 Nc5 22. Rd1 Qd6 23. Rd2 Bxf3 24. Bxf3 Bxh4 25. Qc4 Bf6 26. b4
Nd7 27. Rc2 Bxd4 28. Qxd4 Qxd4 29. exd4 Nf6 30. Rc4 Kf8 31. a4 Ke7 32. a5
Nd5 33. a6 b5 34. Rc5 Nxb4 35. Rxb5 Nxa6 36. Ra5 Nb4 37. Rxa7+ Rd7 38. Ra4
Rxd4 39. Kg2 Nc2 40. Bc6 Rxa4 41. Bxa4 Nd4 42. f4 f5 43. Kf2 Kd6 44. Ke3
Kd5 45. Be8 g5 46. Bf7 g4 47. Be8 Nb3 48. Bb5 Nc5 49. Bf1 e5 50. Bg2+ Ke6
51. Bc6 Kf6 52. Bd5 Ne6 0-1

[Event "4th Polonia Wroclaw Open A"]
[Site "Wroclaw POL"]
[Date "2009.06.23"]
[Round "5"]
[White "Urban,K"]
[Black "Baklan,V"]
[Result "1/2-1/2"]
[WhiteElo "2456"]
[BlackElo "2618"]
[EventDate "2009.06.20"]

1. d4 Nf6 2. g3 g6 3. Bg2 Bg7 4. c4 O-O 5. Nc3 d6 6. Nf3 Nc6 7. O-O Bf5 8.
b3 e5 9. Bb2 Nxd4 10. Nxd4 exd4 11. Qxd4 Ne4 12. Qe3 Nxc3 13. Bxc3 Re8 14.
Qd2 Bxc3 15. Qxc3 Be4 16. Bxe4 Rxe4 17. e3 Qd7 18. Rad1 Rae8 19. Rd4 b6 20.
Rxe4 Rxe4 21. Rd1 Qg4 22. Rd5 Qf3 23. Qd3 a5 24. h4 h5 25. a3 Re8 26. a4
Re6 27. Qd1 Qxd1+ 28. Rxd1 Kf8 29. Kf1 Ke7 30. Ke2 Kd7 31. Rd5 c6 32. Rd1
Re5 33. Rd4 f5 34. Kd2 Ke6 35. Kc3 d5 36. Rd3 dxc4 37. bxc4 b5 38. cxb5
cxb5 39. axb5 Rc5+ 40. Kb3 Rxb5+ 41. Kc4 Rb2 42. f4 Rg2 43. Ra3 Rxg3 44.
Kd4 Rh3 45. Rxa5 Kf6 46. Ra6+ Kg7 47. Ra7+ Kh6 48. Ra8 Kg7 49. Ra7+ Kh6 50.
Ra8 Kg7 1/2-1/2

[Event "4th Polonia Wroclaw Open A"]
[Site "Wroclaw POL"]
[Date "2009.06.23"]
[Round "5"]
[White "Bartel,Mat"]
[Black "Piorun,K"]
[Result "0-1"]
[WhiteElo "2601"]
[BlackElo "2476"]
[EventDate "2009.06.20"]

1. d4 Nf6 2. c4 g6 3. Nc3 d5 4. Nf3 Bg7 5. e3 O-O 6. b4 Bg4 7. Qb3 dxc4 8.
Bxc4 Bxf3 9. gxf3 Nc6 10. Ba3 e5 11. d5 Ne7 12. b5 Ne8 13. Ne4 Nd6 14. Nxd6
cxd6 15. Rc1 Nf5 16. Bd3 Nh4 17. Ke2 Qf6 18. Be4 Qe7 19. Qb4 f5 20. Bb1
Rad8 21. Rhg1 e4 22. fxe4 f4 23. Rcf1 Qe5 24. f3 Qh5 25. Qe1 Be5 26. Qf2
fxe3 27. Qxe3 Nxf3 28. Rxf3 Bd4 29. Rg5 Qxh2+ 0-1

[Event "4th Polonia Wroclaw Open A"]
[Site "Wroclaw POL"]
[Date "2009.06.23"]
[Round "5"]
[White "Leniart,A"]
[Black "Macieja,B"]
[Result "1/2-1/2"]
[WhiteElo "2372"]
[BlackElo "2601"]
[EventDate "2009.06.20"]

1. e4 c5 2. Nf3 Nc6 3. d4 cxd4 4. Nxd4 Qc7 5. Nc3 e6 6. Be2 a6 7. O-O Nf6
8. Be3 Be7 9. f4 d6 10. Kh1 O-O 11. Qe1 Nxd4 12. Bxd4 b5 13. a3 Bb7 14. Qg3
Bc6 15. Rae1 Rae8 16. Bd3 e5 17. fxe5 Nh5 18. Qh3 dxe5 19. Nd5 Bxd5 20.
Qxh5 exd4 21. exd5 g6 22. Qe5 Qxe5 23. Rxe5 Bd6 24. Ree1 Re3 25. Rxe3 dxe3
26. g3 Re8 27. Kg2 Re5 28. Kf3 Bc5 29. b4 Bd4 30. c4 e2 31. Bxe2 Re3+ 32.
Kf2 Rxa3+ 33. Kg2 Re3 34. Bf3 bxc4 35. d6 Rd3 36. Bd5 Rd2+ 37. Kh3 Bf6 38.
Rxf6 Rxd5 39. d7 Rxd7 40. Rxa6 Rb7 41. Ra4 Rb5 42. Kg2 h5 43. Kf3 h4 44.
Ke4 c3 45. Kd3 hxg3 46. hxg3 Rg5 47. Ra8+ Kg7 48. Kxc3 Rxg3+ 49. Kc4 Rg1
50. b5 Rb1 51. Ra4 g5 52. Rb4 Rxb4+ 53. Kxb4 g4 54. b6 g3 55. b7 g2 56.
b8=Q g1=Q 57. Qe5+ Kf8 58. Kc4 Qg4+ 59. Kd5 Qf3+ 60. Qe4 Qf6 61. Qg4 Qe7
62. Qe4 Qc7 63. Qb4+ Kg7 64. Qg4+ Kf8 65. Qb4+ Ke8 66. Qa4+ Kd8 67. Qh4+
Kd7 68. Qg4+ Ke8 69. Qa4+ Kf8 70. Qb4+ Kg7 71. Qg4+ Kh6 72. Qh4+ Kg6 73.
Qg4+ Kf6 74. Qh4+ 1/2-1/2

[Event "4th Polonia Wroclaw Open A"]
[Site "Wroclaw POL"]
[Date "2009.06.23"]
[Round "5"]
[White "Kalinin,O"]
[Black "Yemelin,V"]
[Result "0-1"]
[WhiteElo "2378"]
[BlackElo "2582"]
[EventDate "2009.06.20"]

1. Nf3 c5 2. c4 Nc6 3. g3 g6 4. d4 cxd4 5. Nxd4 Bg7 6. Nc2 d6 7. Bg2 Be6 8.
Ne3 Qd7 9. Nd2 Nf6 10. Ne4 Nxe4 11. Bxe4 Ne5 12. Bd5 h5 13. f4 Bxd5 14.
cxd5 Ng4 15. Qb3 h4 16. Nxg4 Qxg4 17. Qxb7 Rc8 18. Rg1 hxg3 19. Rxg3 Qf5
20. Rg5 Qc2 21. Rg2 Bf6 22. Qb3 Bh4+ 23. Kf1 Qxc1+ 0-1

[Event "4th Polonia Wroclaw Open A"]
[Site "Wroclaw POL"]
[Date "2009.06.23"]
[Round "5"]
[White "Biolek,R1"]
[Black "Olszewski,Mi"]
[Result "0-1"]
[WhiteElo "2373"]
[BlackElo "2538"]
[EventDate "2009.06.20"]

1. e4 c5 2. Nf3 d6 3. d4 cxd4 4. Nxd4 Nf6 5. Nc3 a6 6. Bg5 e6 7. f4 Qc7 8.
Qf3 b5 9. O-O-O b4 10. Nce2 Nbd7 11. Bxf6 Nxf6 12. g4 Bb7 13. Ng3 Rc8 14.
g5 Nd7 15. Bh3 g6 16. Qe2 Qc4 17. Qxc4 Rxc4 18. b3 Rc7 19. Bg2 h6 20. h4
hxg5 21. hxg5 Rxh1 22. Bxh1 e5 23. Nde2 Be7 24. f5 Bxg5+ 25. Kb1 Ke7 26.
Bf3 Nf6 27. Rh1 Rc8 28. Kb2 Bf4 29. fxg6 fxg6 30. Rd1 Rh8 31. Rd3 Rh4 32.
Nxf4 Rxf4 33. Re3 Nh7 34. a3 Ng5 35. Bh1 a5 36. axb4 axb4 37. c3 Rf2+ 38.
Kc1 Ne6 39. Re2 Rf8 40. Kb2 bxc3+ 41. Kxc3 Rc8+ 42. Kb2 Rb8 43. Re3 Nd4 44.
Ne2 Rh8 45. Nxd4 exd4 46. Re1 Rh2+ 47. Kc1 Ke6 48. Bf3 Ke5 49. Be2 Bxe4 50.
Bd3 d5 51. b4 Rh3 52. Ba6 Ra3 53. b5 Ra1+ 54. Kd2 Ra2+ 55. Kc1 d3 56. Rd1
Rc2+ 0-1